00323nam a2200121Ia 4500008004100000041000800041082001700049100001800066245004500084260003300129300003200162365000700194240624s9999 xx 000 0 und d aeng a382.0601 RAT aRATNESH KUMAR aWTO STRUCTURE FUNCTIONS TASKS AND CHALLE c2004aNew DelhibDeep & Deep aviii, : 249 : p. : cm. ; 23 cRS